LIBRARY & INFORMATION CENTRE, KCAET, TAVANUR

ONLINE PUBLIC ACCESS CATALOGUE (OPAC)

Text book of water supply engineering / (Record no. 1569)

MARC details
000 -LEADER
fixed length control field 00391cam a2200157ua 4500
003 - CONTROL NUMBER IDENTIFIER
control field OSt
008 - FIXED-LENGTH DATA ELEMENTS--GENERAL INFORMATION
fixed length control field 250823b |||||||| |||| 00| 0 eng d
041 ## - LANGUAGE CODE
Language code of text/sound track or separate title eng
082 ## - DEWEY DECIMAL CLASSIFICATION NUMBER
Classification number 628.1
Item number VIN/TE
100 ## - MAIN ENTRY--AUTHOR NAME
Personal name Vinayak, M .Gharpure.
245 ## - TITLE STATEMENT
Title Text book of water supply engineering /
250 ## - EDITION STATEMENT
Edition statement 2 /
260 ## - PUBLICATION, DISTRIBUTION, ETC. (IMPRINT)
Place of publication Poona :
Name of publisher Allies book stall ,
Year of publication 1964.
300 ## - PHYSICAL DESCRIPTION
Number of Pages 396 ; .
942 ## - ADDED ENTRY ELEMENTS (KOHA)
Koha item type Books
Holdings
Withdrawn status Lost status Damaged status Home library Current library Date acquired Full call number Accession Number Koha item type
Withdrawn   Damaged KAUAET KAUAET 07/04/2012 628.1 11544 Books
      KAUAET KAUAET 07/04/2012 628.1 VIN/TE 11545 Books
      KAUAET KAUAET 07/04/2012 628.1 VIN/TE 11547 Books
free website counter